Le joueur le plus capé de chaque club de Ligue 1 - Statistiques

Statistiques générales
  • Ce quiz a été pris 46 fois
  • Le résultat moyen est 3 sur 18
Statistiques - réponses
Club Matchs Pays Période au club Réponse % Correct
PSG >456 Brésil 2013- Marquinhos
95%
OM 613 France 2007-16 / 17-22 Steve Mandanda
76%
MHSC 433 Sénégal 2007-2020 Souleymane Camara
41%
AJ Auxerre 467 France 1992-2007 Fabien Cool
12%
AS Monaco 755 France 1975-1994 Jean-Luc Ettori
12%
OL 542 France 1969-1983 Serge Chiesa
12%
Toulouse FC 335 France 1992-98 / 2004-08 Dominique Arribagé
10%
RC Lens 590 France 1985-2004 Eric Sikora
7%
Le Havre AC 480 France 2009-2022 Alexandre Bonnet
5%
FC Nantes 650 France 1969-1987 Jean-Paul Bertrand-Demanes
2%
Stade de Reims 577 France 1945-1960 Robert Jonquet
2%
OGC Nice 437 France 1963-1975 Francis Isnard
0%
LOSC 433 France 1945-1957 Marceau Somerlinck
0%
Angers SCO 471 France 1963-1975 Pierre Bourdel
0%
ASSE 533 France 1949-1964 René Domingo
0%
RC Strasbourg 597 France 1949-1967 René Hauss
0%
Stade brestois 309 France 1964-1978 René Treguer
0%
Stade rennais 393 France 1955-1967 Yves Boutet
0%
Aucun quiz correspondant
Distribution des résultats
% des personnes avec chaque résultat
Percentile par nombre de réponses
Votre historique - résultats
Vous n’avez pas pris ce quiz